[Event "Vaujany Accession"]
[Site "?"]
[Date "2025.07.10"]
[Round "1"]
[White "Hegedus, P."]
[Black "De Muyser, X."]
[Result "0-1"]
[WhiteElo "1544"]
[BlackElo "1742"]
[PlyCount "64"]
[SourceVersionDate "2025.07.10"]

1. e4 d5 2. e5 Bf5 3. d4 e6 4. Nf3 c5 5. c3 Nc6 6. Na3 cxd4 7. cxd4 Qb6 8. b3
Bb4+ 9. Ke2 Bxa3 10. Bxa3 Qa6+ 11. Ke1 Qxa3 12. Bb5 Qb4+ 13. Qd2 Qxb5 14. h3
Qd3 15. g4 Qxd2+ 16. Kxd2 Be4 17. Ke3 Bxf3 18. Kxf3 Nxd4+ 19. Kg3 Rc8 20. Rhe1
Ne7 21. Rad1 Rc3+ 22. Re3 Rxe3+ 23. fxe3 Ndc6 24. Kf4 h5 25. g5 Ng6+ 26. Kf3
Ngxe5+ 27. Kf4 f6 28. gxf6 O-O 29. e4 Rxf6+ 30. Ke3 d4+ 31. Ke2 d3+ 32. Kd2
Rf2+ 0-1

[Event "Vaujany Accession"]
[Site "?"]
[Date "2025.07.10"]
[Round "1"]
[White "Hamdouchi, Adam"]
[Black "Wiot, Philippe"]
[Result "1-0"]
[WhiteElo "1761"]
[BlackElo "1597"]
[PlyCount "41"]
[SourceVersionDate "2025.07.10"]

1. e4 e6 2. d4 d5 3. exd5 exd5 4. Nf3 Nf6 5. Bd3 Bd6 6. O-O O-O 7. h3 h6 8. Re1
Be6 9. Nc3 a6 10. a3 Nbd7 11. Ne2 Re8 12. b3 b5 13. Bf4 Nf8 14. Qd2 Bxf4 15.
Nxf4 c6 16. Ne5 Qb6 17. a4 N6d7 18. Nh5 Nxe5 19. dxe5 Nd7 20. Qf4 b4 21. Re3
1-0

[Event "Vaujany Accession"]
[Site "?"]
[Date "2025.07.10"]
[Round "1"]
[White "Letort, S."]
[Black "Heckly, JL."]
[Result "1-0"]
[WhiteElo "1873"]
[BlackElo "1652"]
[PlyCount "83"]
[SourceVersionDate "2025.07.10"]

1. e4 e5 2. Nf3 Nc6 3. Bb5 a6 4. Ba4 Nf6 5. O-O d6 6. d3 Be7 7. c3 b5 8. Bc2
O-O 9. a4 Bg4 10. Be3 Qd7 11. Nbd2 d5 12. Qc1 b4 13. a5 Rfd8 14. Ba4 dxe4 15.
Nxe5 Nxe5 16. Bxd7 Nxd3 17. Qc2 Bxd7 18. Nb3 c5 19. c4 Be6 20. Nd2 Bd6 21. Rad1
Bg4 22. f3 exf3 23. Nxf3 Bxf3 24. Rxf3 Ne5 25. Rh3 Neg4 26. Bg5 Be5 27. Bxf6
Nxf6 28. b3 Bd4+ 29. Kh1 g6 30. Rh4 Re8 31. Rf1 Re6 32. Rxd4 cxd4 33. Qd2 Rae8
34. Qxd4 Nh5 35. g4 Re4 36. Qa7 R4e7 37. Qxa6 Re6 38. Qb7 R6e7 39. Qxb4 Ng7 40.
a6 Ra7 41. Qb6 Rea8 42. Ra1 1-0

[Event "Vaujany Accession"]
[Site "?"]
[Date "2025.07.10"]
[Round "1"]
[White "Joyeux, G."]
[Black "Orfeuvre, V."]
[Result "0-1"]
[WhiteElo "1640"]
[BlackElo "1850"]
[PlyCount "86"]
[SourceVersionDate "2025.07.10"]

1. d4 d5 2. c4 e6 3. cxd5 exd5 4. a3 Nf6 5. Nc3 Be7 6. Bf4 c6 7. e3 O-O 8. Nf3
Bg4 9. Be2 Qb6 10. Qc2 Nbd7 11. O-O Rfe8 12. h3 Bh5 13. Ne5 Bxe2 14. Nxd7 Nxd7
15. Qxe2 Rac8 16. b4 a6 17. Rfb1 Qd8 18. Na4 b5 19. Nb2 Nb6 20. Nd3 f6 21. Nc5
Bxc5 22. bxc5 Nc4 23. a4 Ra8 24. h4 Qe7 25. Qg4 Nd2 26. Rb2 Nc4 27. Rbb1 Kh8
28. Qd1 Qb7 29. a5 Qe7 30. Rc1 Qd8 31. Qe1 Ra7 32. Rc2 Rb7 33. f3 f5 34. Re2 b4
35. Qb1 b3 36. Qxf5 b2 37. Rb1 Qxa5 38. Qh5 Rf8 39. Bd6 Rg8 40. e4 dxe4 41.
Rxe4 Qa2 42. Re8 Qxb1+ 43. Kh2 Qg6 0-1

[Event "Vaujany Accession"]
[Site "?"]
[Date "2025.07.10"]
[Round "1"]
[White "Debbiche, A."]
[Black "Mareau, N."]
[Result "0-1"]
[WhiteElo "1625"]
[BlackElo "1800"]
[PlyCount "54"]
[SourceVersionDate "2025.07.10"]

1. e4 e5 2. Nf3 Nc6 3. Bc4 Bc5 4. c3 Qf6 5. d3 h6 6. O-O Nge7 7. Re1 d6 8. Be3
Bg4 9. Nbd2 Ng6 10. h3 Bd7 11. Nf1 Bxe3 12. Nxe3 Nce7 13. d4 Nf4 14. dxe5 dxe5
15. Bf1 O-O-O 16. Nd2 g5 17. b4 h5 18. a4 g4 19. Kh2 gxh3 20. gxh3 Qh4 21. Qf3
Bg4 22. Nxg4 hxg4 23. Qe3 Nxh3 24. Qg3 Qxg3+ 25. Kxg3 Rxd2 26. Be2 Rg8 27. Rad1
Rdd8 {reste de la partie illisible} 0-1

[Event "Vaujany Accession"]
[Site "?"]
[Date "2025.07.11"]
[Round "2"]
[White "Orfeuvre, V."]
[Black "Gendre, A."]
[Result "1-0"]
[WhiteElo "1850"]
[BlackElo "1796"]
[PlyCount "39"]
[SourceVersionDate "2025.07.10"]

1. e4 c5 2. Nf3 d6 3. c3 Nf6 4. Be2 Nc6 5. d4 cxd4 6. cxd4 e6 7. Nc3 Be7 8. O-O
O-O 9. d5 exd5 10. exd5 Ne5 11. Nxe5 dxe5 12. Re1 b6 13. Bf3 Bd6 14. Bg5 Bb7
15. Ne4 h6 16. Nxf6+ gxf6 17. Bxh6 Re8 18. Be4 Bf8 19. Qg4+ Kh8 20. Bxf8 1-0

[Event "Vaujany Accession"]
[Site "?"]
[Date "2025.07.11"]
[Round "2"]
[White "Mareau, N."]
[Black "Neuchatel, C."]
[Result "0-1"]
[WhiteElo "1800"]
[BlackElo "1703"]
[PlyCount "46"]
[SourceVersionDate "2025.07.10"]

1. e4 c5 2. Nf3 e6 3. c3 d5 4. exd5 Qxd5 5. d4 Nf6 6. Bd3 Nc6 7. O-O Be7 8. Na3
Qd7 9. Bf4 O-O 10. Bc2 cxd4 11. cxd4 Bxa3 12. bxa3 Rd8 13. Be3 b6 14. Rc1 Bb7
15. Ba4 Qd6 16. Bxc6 Bxc6 17. Ne5 Bb7 18. Qa4 Qd5 19. Nc6 Re8 20. f3 b5 21. Qc2
Rac8 22. Nb4 Rxc2 23. Nxd5 Nxd5 0-1

[Event "Vaujany Accession"]
[Site "?"]
[Date "2025.07.11"]
[Round "2"]
[White "Coury, Q."]
[Black "Lorenter, P."]
[Result "1-0"]
[WhiteElo "1769"]
[BlackElo "1693"]
[PlyCount "29"]
[SourceVersionDate "2025.07.10"]

1. e4 d6 2. d4 g6 3. Nc3 Bg7 4. Be3 a6 5. a4 c5 6. dxc5 Qa5 7. Bd4 e5 8. Be3
dxc5 9. Qd5 Nd7 10. Bc4 Nh6 11. Bxh6 Bxh6 12. Qxf7+ Kd8 13. Rd1 Kc7 14. Be6 Rd8
15. Qxh7 1-0

[Event "Vaujany Accession"]
[Site "?"]
[Date "2025.07.11"]
[Round "2"]
[White "Surzur, Meriadec"]
[Black "Hamdouchi, Adam"]
[Result "0-1"]
[WhiteElo "1652"]
[BlackElo "1761"]
[PlyCount "84"]
[SourceVersionDate "2025.07.10"]

{[%evp 0,84,30,20,46,10,37,7,18,24,24,49,50,-23,-2,-35,-10,-63,-6,-82,-82,-106,
-106,-232,-224,-224,-239,-239,-239,-207,-150,-398,-396,-457,-345,-476,-294,
-366,-223,-223,-223,-254,-219,-209,-231,-255,-255,-246,103,107,107,-1046,-1065,
-1065,-1078,-1095,-1095,-1095,-684,-651,-675,-675,-670,-670,-642,-647,-587,
-664,-664,-738,-781,-1053,-1079,-1158,-691,-691,-742,-29987,-29988,-29993,
-29992,-29993,-29994,-29997,-29998,-29999,-30000]} 1. e4 c5 2. d4 cxd4 3. c3 d5
4. exd5 Qxd5 5. cxd4 Nc6 6. Be3 e5 7. dxe5 Qxe5 8. Nd2 Bf5 9. g4 Bg6 10. Qe2
O-O-O 11. Rc1 Qxb2 12. Rxc6+ bxc6 13. Qa6+ Qb7 14. Qa4 Bd3 15. Bg2 Bb4 16. Ngf3
Nf6 17. Nd4 Ne4 18. Bxe4 Bxd2+ 19. Kxd2 Bxe4 20. Rc1 Rd6 21. Ke1 Re8 22. Nb5
Rde6 23. Nxa7+ Kb8 24. Bf4+ Re5 25. Qxe4 Qb4+ 26. Kf1 Qxe4 27. Nxc6+ Kb7 28.
Nxe5 Rxe5 29. Bxe5 Qh1+ 30. Ke2 Qxc1 31. Bxg7 Qc4+ 32. Kf3 Qxa2 33. h4 Qe6 34.
h5 f5 35. gxf5 Qxf5+ 36. Kg3 Kc6 37. h6 Kd5 38. Bc3 Ke4 39. Bg7 Qf3+ 40. Kh2
Qxf2+ 41. Kh1 Kf3 42. Bd4 Qg2# 0-1

[Event "Vaujany Accession"]
[Site "?"]
[Date "2025.07.11"]
[Round "2"]
[White "De Muyster, X."]
[Black "Letort"]
[Result "1-0"]
[WhiteElo "1742"]
[BlackElo "1873"]
[PlyCount "85"]
[SourceVersionDate "2025.07.10"]

1. c4 Nf6 2. Nc3 e5 3. g3 Be7 4. Bg2 c6 5. d4 d6 6. e4 O-O 7. Nf3 Nbd7 8. O-O
Qb6 9. b3 Re8 10. Bb2 exd4 11. Qxd4 Nc5 12. Rad1 Bf8 13. Nh4 Qc7 14. Rfe1 Ng4
15. h3 Ne5 16. f4 Ng6 17. Nf5 Bxf5 18. exf5 Rxe1+ 19. Rxe1 Ne7 20. g4 f6 21. b4
Nd7 22. Rd1 Qb6 23. a3 Rd8 24. Ne4 Nc8 25. Kh2 Qc7 26. Ng3 a5 27. g5 Ncb6 28.
h4 Na4 29. Ba1 axb4 30. axb4 Qb6 31. Qd2 Qc7 32. Nh5 Be7 33. Qa2 Ra8 34. c5+ d5
35. Bxd5+ Kh8 36. Be6 Nab6 37. Qb2 Nd5 38. Bxd5 cxd5 39. Rxd5 Rf8 40. Qd4 Rd8
41. Qe4 Nf8 42. gxf6 Rxd5 43. fxg7+ 1-0

[Event "Vaujany Accession"]
[Site "?"]
[Date "2025.07.12"]
[Round "3"]
[White "Noiret, B."]
[Black "De Muyser, X."]
[Result "1-0"]
[WhiteElo "1800"]
[BlackElo "1742"]
[PlyCount "79"]
[SourceVersionDate "2025.07.10"]

1. e4 d5 2. exd5 Nf6 3. d4 Nxd5 4. c4 Nf6 5. Nc3 Nc6 6. Nge2 Bg4 7. Bf4 Nh5 8.
Be3 Nf6 9. Qb3 Qd7 10. h3 Bf5 11. g4 Bg6 12. Bg2 Rb8 13. a3 a6 14. O-O-O Na5
15. Qa2 b5 16. b3 bxc4 17. b4 Nb3+ 18. Kb2 e6 19. Nf4 a5 20. b5 Rxb5 21. Nxg6
hxg6 22. Nxb5 Qxb5 23. Kc2 Qa4 24. Kb1 Nd5 25. Bd2 Nxd2+ 26. Qxd2 c3 27. Qc2
Qb5+ 28. Ka2 Qc4+ 29. Qb3 Qe2+ 30. Ka1 c2 31. Rde1 Qd2 32. Bxd5 Qxd4+ 33. Ka2
c1=Q 34. Rxc1 Qxd5 35. Qxd5 exd5 36. Rxc7 f5 37. Rb1 Kd8 38. Ra7 Kc8 39. Rxa5
Rxh3 40. Ra7 1-0

[Event "Vaujany Accession"]
[Site "?"]
[Date "2025.07.12"]
[Round "3"]
[White "Roche, Y."]
[Black "Tereygeol, V."]
[Result "0-1"]
[WhiteElo "1773"]
[BlackElo "1461"]
[PlyCount "66"]
[SourceVersionDate "2025.07.10"]

1. d4 d5 2. c4 e6 3. a3 Nf6 4. Nc3 Be7 5. Nf3 Nc6 6. e3 O-O 7. Be2 dxc4 8. Bxc4
a6 9. b4 b5 10. Be2 Qd6 11. Nd2 Bb7 12. Nde4 Nxe4 13. Nxe4 Qd8 14. Nc5 Bxc5 15.
bxc5 Ne7 16. Bf3 Bd5 17. O-O c6 18. Bb2 a5 19. e4 Bc4 20. Be2 Bxe2 21. Qxe2 a4
22. Qd2 e5 23. Rfd1 exd4 24. Qxd4 Qxd4 25. Rxd4 Rad8 26. Rad1 Rxd4 27. Rxd4 f5
28. f3 fxe4 29. fxe4 Rf4 30. Bc1 Rf6 31. Bd2 Kf7 32. Bg5 Re6 33. Bxe7 Kxe7 0-1

[Event "Vaujany Accession"]
[Site "?"]
[Date "2025.07.12"]
[Round "3"]
[White "Hamdouchi, A."]
[Black "Orfeuvre, V."]
[Result "1-0"]
[WhiteElo "1761"]
[BlackElo "1850"]
[Annotator "promoechecs"]
[PlyCount "101"]
[SourceVersionDate "2025.07.10"]

{[%evp 0,1,20,13]} 1. e4 c5 (1... Nf6) 2. Nf3 Nc6 3. c3 e5 4. Bc4 Nf6 5. d3 Be7
6. O-O O-O 7. Re1 a6 8. a3 b5 9. Bd5 Qc7 10. b4 Bb7 11. Bg5 d6 12. Nbd2 Nd7 13.
Re3 Bxg5 14. Nxg5 Nf6 15. Rg3 Ne7 16. Bxb7 Qxb7 17. Nf1 a5 18. bxc5 dxc5 19.
Ne3 Rfd8 20. Ng4 Nxg4 21. Qxg4 Ng6 22. h4 Qd7 23. Qh5 h6 24. Nxf7 Qxf7 25. Rxg6
Rf8 26. Qxh6 Qxf2+ 27. Kh1 Ra7 28. Qg5 Qb2 29. Qc1 Qf2 30. Qe1 Rd7 31. Qxf2
Rxf2 32. Rb1 Ra2 33. Rxb5 Rxa3 34. Rxc5 a4 35. Rxe5 Rxc3 36. Ra5 a3 37. Rg3
Rcxd3 38. Rxa3 R3d4 39. Rae3 Re7 40. Rg4 Kh7 41. Kh2 Kh6 42. Kg3 g6 43. Kf4 Ra4
44. Rg5 Re8 45. Re5 Rf8+ 46. Kg3 Ra2 47. Rf3 Rd8 48. Kh3 Ra4 49. Re7 Rdd4 50.
g4 g5 51. Rf6# 1-0

[Event "Vaujany Accession"]
[Site "?"]
[Date "2025.07.13"]
[Round "4"]
[White "Tereygeol, V."]
[Black "Noyrey-Burban"]
[Result "0-1"]
[WhiteElo "1461"]
[BlackElo "1800"]
[PlyCount "38"]
[SourceVersionDate "2025.07.10"]

1. d4 Nf6 2. c4 g6 3. Nc3 Bg7 4. Nf3 O-O 5. Bf4 d6 6. e3 Nbd7 7. Bd3 Re8 8. Qc2
a6 9. h3 e5 10. Bh2 Qe7 11. dxe5 dxe5 12. e4 Nc5 13. Bxe5 Nfxe4 14. Nxe4 Bxe5
15. Nxe5 Qxe5 16. O-O Nxd3 17. Qxd3 Qxe4 18. Qc3 Be6 19. b3 Qc6 0-1

[Event "Vaujany Accession"]
[Site "?"]
[Date "2025.07.13"]
[Round "4"]
[White "Coury, Quentin"]
[Black "Hamdouchi, Adam"]
[Result "0-1"]
[WhiteElo "1769"]
[BlackElo "1761"]
[PlyCount "72"]
[SourceVersionDate "2025.07.10"]

1. e4 c5 2. Nf3 Nc6 3. Bb5 Nf6 4. Nc3 Qc7 5. O-O Nd4 6. Bc4 e6 7. h3 a6 8. a4
Rb8 9. e5 Nxf3+ 10. Qxf3 Qxe5 11. d3 Bd6 12. g3 Qh5 13. Qxh5 Nxh5 14. Ne4 Be7
15. g4 Nf6 16. Bf4 Ra8 17. Nd6+ Kf8 18. d4 cxd4 19. Rfd1 Ne8 20. Rxd4 g5 21.
Bg3 Bxd6 22. Bxd6+ Nxd6 23. Rxd6 h5 24. a5 hxg4 25. hxg4 b5 26. axb6 Bb7 27. f3
Bxf3 28. Kf2 Ke7 29. Rd4 Bb7 30. Rad1 Rh2+ 31. Ke3 d5 32. Bb3 Rah8 33. Rf1 e5
34. Rd3 R8h3+ 35. Rf3 d4+ 36. Rxd4 Rxf3# 0-1

[Event "Vaujany Accession"]
[Site "?"]
[Date "2025.07.13"]
[Round "4"]
[White "Sapaly, A."]
[Black "Gendre, A."]
[Result "0-1"]
[WhiteElo "1627"]
[BlackElo "1746"]
[PlyCount "84"]
[SourceVersionDate "2025.07.10"]

1. d4 Nf6 2. Bg5 e6 3. e4 Be7 4. Bxf6 Bxf6 5. c3 b6 6. Nf3 Bb7 7. Nbd2 O-O 8.
Bd3 d6 9. O-O Nd7 10. Qe2 c5 11. e5 dxe5 12. dxe5 Nxe5 13. Nxe5 Bxe5 14. Rad1
Bc7 15. Nf3 Qf6 16. Nd2 Rfd8 17. Rfe1 Qh6 18. h3 Rd7 19. Nf3 Rad8 20. Bc4 Bxf3
21. Qxf3 Rd2 22. Rxd2 Qxd2 23. Re3 Qc1+ 24. Bf1 Bh2+ 25. Kxh2 Qxf1 26. Qe2 Qxe2
27. Rxe2 g6 28. Kg3 Kg7 29. Kf3 Kf6 30. Ke3 Ke7 31. Rd2 Rxd2 32. Kxd2 Kd6 33.
Ke3 f5 34. f4 e5 35. fxe5+ Kxe5 36. g3 g5 37. b3 b5 38. b4 cxb4 39. cxb4 f4+
40. gxf4+ gxf4+ 41. Kf3 Kf5 42. h4 h5 0-1

[Event "Vaujany Accession"]
[Site "?"]
[Date "2025.07.13"]
[Round "4"]
[White "Orfeuvre, V."]
[Black "Duchatel, C."]
[Result "1-0"]
[WhiteElo "1850"]
[BlackElo "1700"]
[PlyCount "107"]
[SourceVersionDate "2025.07.10"]

1. e4 c5 2. Nf3 e6 3. c3 d5 4. exd5 Qxd5 5. d4 Nf6 6. Be2 Nc6 7. O-O Be7 8. c4
Qd7 9. dxc5 Bxc5 10. Nc3 O-O 11. a3 Rd8 12. Qc2 a6 13. b4 Bd6 14. Rd1 Qe7 15.
Bg5 h6 16. Bh4 Ne5 17. Ne4 Ng6 18. Bxf6 gxf6 19. c5 Bc7 20. Rxd8+ Bxd8 21. Qd2
Bd7 22. Qxh6 Bc6 23. Bd3 Qf8 24. Qxf8+ Kxf8 25. Nd4 Bxe4 26. Bxe4 Rb8 27. Bxg6
fxg6 28. Nxe6+ Kf7 29. Re1 Be7 30. h4 Re8 31. Kf1 Rh8 32. g3 f5 33. Nf4 Rd8 34.
Nxg6 Bf6 35. Nf4 Bc3 36. Re3 Bb2 37. h5 Rd1+ 38. Re1 Rd4 39. Re3 Rd1+ 40. Kg2
Ra1 41. Rd3 Ke8 42. h6 Rxa3 43. Rxa3 Bxa3 44. h7 Bb2 45. Ng6 Kd7 46. h8=Q Bxh8
47. Nxh8 Kc6 48. f3 Kb5 49. g4 Kxb4 50. g5 a5 51. g6 a4 52. g7 a3 53. g8=Q Kc3
54. Qa2 1-0

[Event "Vaujany Accession"]
[Site "?"]
[Date "2025.07.13"]
[Round "4"]
[White "Marchand, P."]
[Black "Roche, Y."]
[Result "1/2-1/2"]
[WhiteElo "1756"]
[BlackElo "1773"]
[PlyCount "130"]
[EventDate "2025.07.13"]
[SourceVersionDate "2025.07.10"]

1. c4 c5 2. Nf3 Nc6 3. b3 e5 4. d3 g6 5. Bb2 Bg7 6. e3 Nge7 7. Nc3 O-O 8. Be2
d5 9. cxd5 Nxd5 10. Qd2 Nc7 11. O-O Ne6 12. Rad1 b6 13. Qc1 Bb7 14. Qa1 Re8 15.
Nb5 a6 16. Na3 Nf8 17. Rfe1 Qc7 18. Nc2 Rad8 19. Bf1 f5 20. Rd2 b5 21. Red1 Qe7
22. Qc1 Rc8 23. Qa1 g5 24. d4 e4 25. Nfe1 Red8 26. dxc5 Rxd2 27. Rxd2 Bxb2 28.
Qxb2 Qxc5 29. Qf6 Qe7 30. Qxf5 Ne5 31. Rd1 Nfg6 32. Nd4 Re8 33. Rc1 Nh4 34. Qh3
g4 35. Qg3 Rc8 36. Rxc8+ Bxc8 37. Nec2 Nhg6 38. Ne2 h5 39. f4 exf3 40. Ned4 Bb7
41. Nf5 Qc5 42. Nfd4 Be4 43. Qf2 Qc3 44. gxf3 Nxf3+ 45. Nxf3 Qxc2 46. Nd4 Qxf2+
47. Kxf2 Kf7 48. a4 bxa4 49. Bc4+ Kf6 50. bxa4 a5 51. Nb3 Bc2 52. Nxa5 Bxa4 53.
Bb3 Bxb3 54. Nxb3 h4 55. Nd4 Ke5 56. Ne2 Ke4 57. Nc3+ Kd3 58. Ne2 Ne5 59. Nf4+
Ke4 60. Ng2 g3+ 61. hxg3 h3 62. Nf4 Ng4+ 63. Kg1 h2+ 64. Kg2 Kxe3 65. Nd5+ Kd4
1/2-1/2

[Event "Vaujany Accession"]
[Site "?"]
[Date "2025.07.14"]
[Round "5"]
[White "Pernoud, C."]
[Black "Heckly, JL."]
[Result "1/2-1/2"]
[WhiteElo "1507"]
[BlackElo "1652"]
[PlyCount "86"]
[EventDate "2025.07.13"]
[SourceVersionDate "2025.07.10"]

1. e4 e5 2. Nf3 Nc6 3. Bb5 a6 4. Ba4 Nf6 5. O-O Be7 6. Re1 b5 7. Bb3 d6 8. h3
Na5 9. c3 Nxb3 10. axb3 c5 11. d4 cxd4 12. cxd4 Qc7 13. Nc3 Bb7 14. d5 O-O 15.
Bg5 Rfc8 16. Rc1 Qd8 17. Qd3 h6 18. Bh4 Rc5 19. b4 Rc7 20. Rc2 Rac8 21. Rec1
Nh5 22. Bxe7 Qxe7 23. Ne2 Nf6 24. Ng3 g5 25. Nf5 Qd8 26. Nxh6+ Kh7 27. Nxf7
Rxf7 28. Nxg5+ Kg8 29. Nxf7 Kxf7 30. Rxc8 Bxc8 31. Qc2 Bd7 32. f3 Nh5 33. Qc7
Ke7 34. Qxd8+ Kxd8 35. Ra1 Bc8 36. g4 Nf4 37. h4 Ke7 38. g5 Kf7 39. Kf2 Kg6 40.
Kg3 Kh5 41. Rh1 Nd3 42. Rf1 Nf4 43. Rh1 Nd3 1/2-1/2

[Event "Vaujany Accession"]
[Site "?"]
[Date "2025.07.14"]
[Round "5"]
[White "De Muyser, X."]
[Black "Orfeuvre, V."]
[Result "0-1"]
[WhiteElo "1742"]
[BlackElo "1850"]
[PlyCount "80"]
[EventDate "2025.07.13"]
[SourceVersionDate "2025.07.10"]

1. c4 e5 2. Nc3 Nf6 3. g3 c6 4. Bg2 d5 5. cxd5 cxd5 6. a3 Nc6 7. d3 d4 8. Ne4
Nxe4 9. dxe4 Bd6 10. Nf3 O-O 11. O-O Bg4 12. h3 Bh5 13. Bg5 Qb6 14. Rb1 Na5 15.
g4 Bg6 16. Nh4 Nb3 17. Nf5 Bxf5 18. exf5 a5 19. Bd5 a4 20. Bxb3 axb3 21. Qd3
Rfe8 22. Qe4 Rec8 23. Rfc1 Qb5 24. Kf1 Rc6 25. Rxc6 bxc6 26. Qd3 Qb7 27. f3 Ra4
28. Ke1 c5 29. Rc1 Qa6 30. Qxa6 Rxa6 31. Rc4 Rxa3 32. Bc1 Ra1 33. Kd2 Kf8 34.
Kd3 Ke7 35. Ke4 Kd7 36. Kd5 h6 37. h4 Rb1 38. e3 dxe3 39. Bxe3 Rxb2 40. Bxc5
Rd2+ 0-1

[Event "Vaujany Accession"]
[Site "?"]
[Date "2025.07.14"]
[Round "5"]
[White "Gendre, A."]
[Black "Mareau, N."]
[Result "0-1"]
[WhiteElo "1796"]
[BlackElo "1800"]
[PlyCount "56"]
[EventDate "2025.07.13"]
[SourceVersionDate "2025.07.10"]

1. d4 d5 2. c4 c6 3. Nc3 Nf6 4. Nf3 dxc4 5. e3 b5 6. a4 Nd5 7. e4 Nxc3 8. bxc3
e6 9. Bf4 Bd6 10. Bxd6 Qxd6 11. Qb1 a6 12. Be2 O-O 13. O-O Nd7 14. Nd2 Nb6 15.
e5 Qd7 16. Bd1 Nd5 17. Ne4 Qe7 18. Qc1 f6 19. f4 fxe5 20. fxe5 Rxf1+ 21. Kxf1
Qh4 22. Nd6 Qxh2 23. axb5 cxb5 24. Nxb5 Bb7 25. Nd6 Nf4 26. Qc2 Bxg2+ 27. Ke1
Nd3+ 28. Kd2 Bf1+ 0-1

[Event "Vaujany Accession"]
[Site "?"]
[Date "2025.07.14"]
[Round "5"]
[White "Surzur, M."]
[Black "Coury, Q."]
[Result "1-0"]
[WhiteElo "1654"]
[BlackElo "1719"]
[PlyCount "87"]
[EventDate "2025.07.13"]
[SourceVersionDate "2025.07.10"]

1. e4 c6 2. d4 d5 3. e5 Bf5 4. h4 h6 5. g4 Bd7 6. Bd3 e6 7. Nf3 c5 8. c3 Nc6 9.
O-O Qb6 10. dxc5 Bxc5 11. Qe2 a5 12. Na3 Bxa3 13. bxa3 Nge7 14. Rb1 Qc7 15. h5
g6 16. a4 gxh5 17. gxh5 Nf5 18. Bxf5 exf5 19. Ba3 Be6 20. Bd6 Qd7 21. Rb6 Rg8+
22. Kh1 f6 23. Re1 fxe5 24. Nxe5 Nxe5 25. Qxe5 Kf7 26. Rxb7 Qxb7 27. Qxe6+ Kg7
28. Rg1+ Kh7 29. Qxf5+ Kh8 30. Be5+ Rg7 31. Bxg7+ Qxg7 32. Rxg7 Kxg7 33. Qg6+
Kh8 34. Qxh6+ Kg8 35. Qg6+ Kh8 36. h6 Ra7 37. Kg2 d4 38. cxd4 Rf7 39. Qg7+
Rxg7+ 40. hxg7+ Kxg7 41. Kf3 Kf6 42. Ke4 Ke6 43. d5+ Kd6 44. f4 1-0